| 000 | 00329cam a2200133ua 4500 | ||
|---|---|---|---|
| 020 | _a0333578236 | ||
| 082 |
_a660.60321 _bCOO/MA |
||
| 100 |
_aCoombs, James . _91575 |
||
| 245 | _aMcmillan Dictionary of Biotechnology / | ||
| 250 | _a2 / | ||
| 260 |
_aLondon : _bMcMillon & Co Ltd , _c1992. |
||
| 300 | _a364 ; . | ||
| 942 | _cREF | ||
| 999 |
_c9961 _d9961 |
||